00413nam a2200145Ia 4500003000400000008004100004040001600045082001300061100001700074245007500091260005800166300001000224650001200234650002100246GCL140319s9999 xx 000 0 eng d aGCL / cGCL04a425bW C1 aWILLIS, DAVE10aCALLINS COBUILD STUDENT'S GRAMMAR: SELF STUDY EDITION / cWILLIS, DAVE a[S.N] : bHARPER COLLINS COLLEGE PUBLISBERS ، c1993 a263 P04aGRAMMAR04aENGLISH LANGUAGE